00599nam a2200181Ia 4500001001000000003000500010008004100015010001100056040000900067082002000076100001800096245011100114260001800225300002600243440001600269500004600285650008600331Para_8610CHAP220125s1930 xx 000 0 und d a207421 cCHAP aPA-C 595.752 A6 aHori, Matsuji aThe woolly apple aphis in Hokkaido, with special reference to its controlling methods /c by Matsuji Hori as.l. :b s.n. a1 v. paginacion varia aAphidae; 26 aEncuadernado con otros impresos similares ax Afididos x Colecciones de escritos x Eriosoma lanigerum x Control de plagas